000 00801nam a2200253Ia 4500
003 OSt
005 20220923223604.0
006 a|||||r|||| 00| 0
007 ta
008 220922b |||||||| |||| 00| 0 hin d
024 _a218,966
037 _cTextual
040 _aARTS
_cARTS
_bhin
041 _2hin
_ahin
082 _aO152,1N08,16:g, P3
100 _aसरवदे, विष्णु
_9156318
245 0 _aकुरुक्षेत्र एक अध्ययन
246 _aKurukṣhetra ek adhyayana
260 _aदिल्ली
_b अनंग
_c2003
300 _a111i`
_ccm.
650 _aहिन्दी साहित्य
_9156264
942 _hO152,1N08,16:g, P3
_cTEXL
_2CC
999 _c366300
_d366300